Normal view
MARC view
- Social sciences--Methodology
Entry Topical Term
001 - CONTROL NUMBER
- control field: 4241
003 - CONTROL NUMBER IDENTIFIER
- control field: NUST
005 - DATE AND TIME OF LATEST TRANSACTION
- control field: 20170825113716.0
008 - FIXED-LENGTH DATA ELEMENTS
- fixed length control field: 170825|| aca||aabn | a|a d
040 ## - CATALOGING SOURCE
- Original cataloging agency: NUST
- Transcribing agency: NUST
150 ## - HEADING--TOPICAL TERM
- Topical term or geographic name entry element: Social sciences--Methodology
670 ## - SOURCE DATA FOUND
- Source citation: Work cat.: (NUST)0: Denscombe, Martyn. 4239, The good research guide /, 2007.
